000 00298nam a22001337a 4500
008 170831b xxu||||| |||| 00| 0 eng d
020 _a2900495050284
041 _aeng
080 _27TH
_a070
100 _a40
101 _aMED
245 _aPUBLIC RELATIONS CASES
_cHENDRIX,J.A
942 _2udc
_cBK
999 _c25787
_d25787